Hodnocení vedoucích zdola
Hodnotenie vedúcich ich spolupracovníkmi, t.j. "zdola hore" ako doplnok tradičného hodnotenia pracovníkov. Aplikácia tejto metódy v niektorých zahraničných firmách (BMW). Vyskúšanie tejto metódy v a.s ŠKODA. Ciele hodnotenia. Zásady hodnotenia. Postup hodnotenia. Ukážka dotazníka. Ukážka vyhodnocova...
Saved in:
| Format: | Book Chapter |
|---|---|
| Language: | Czech |
| Subjects: | |
| Tags: |
No Tags, Be the first to tag this record!
|
MARC
| LEADER | 00000naa a2200000 4500 | ||
|---|---|---|---|
| 001 | r022372 | ||
| 005 | 20230922083711.7 | ||
| 041 | 0 | |a cze | |
| 044 | |a CZ | ||
| 245 | 1 | 0 | |a Hodnocení vedoucích zdola |
| 520 | |a Hodnotenie vedúcich ich spolupracovníkmi, t.j. "zdola hore" ako doplnok tradičného hodnotenia pracovníkov. Aplikácia tejto metódy v niektorých zahraničných firmách (BMW). Vyskúšanie tejto metódy v a.s ŠKODA. Ciele hodnotenia. Zásady hodnotenia. Postup hodnotenia. Ukážka dotazníka. Ukážka vyhodnocovacieho hárku. | ||
| 610 | 2 | 0 | |a hodnotenie pracovníkov |
| 610 | 2 | 0 | |a spolupracovníci |
| 610 | 2 | 0 | |a pracovníci vedúci |
| 610 | 2 | 0 | |a dotazníky |